Televizní technika

Gespeichert in:
Bibliographische Detailangaben
1. Verfasser: Říčný, Václav (Verfasst von)
Format: Buch
Sprache:Tschechisch
Veröffentlicht: Brno : Vysoké učení technické v Brně, 1987
Ausgabe:2. vyd.
Tags: Tag hinzufügen
Keine Tags, Fügen Sie das erste Tag hinzu!

MARC

LEADER 00000nam a22000003a 4500
001 stu25488
005 20150617225743.4
008 980504s1987------------------------cze-d
040 |a STU  |b slo 
041 0 |a cze 
100 1 |a Říčný, Václav  |4 aut 
245 1 |a Televizní technika 
250 |a 2. vyd. 
260 |a Brno :  |b Vysoké učení technické v Brně,  |c 1987 
300 |a 291 s 
996 |b 284ES17247  |c E*S-30863  |l EE01  |s A  |a 24  |w stu25488_0001 
996 |b 284ES17233  |c E*S-30862  |l EE01  |s A  |a 24  |w stu25488_0003 
996 |b 284ES16703  |c E*S-30952  |l EE01  |s A  |a 24  |w stu25488_0004